Geography General Knowledge 3 - Statistics

General Stats
  • This quiz has been taken 8 times
  • The average score is 29 of 50
Answer Stats
Hint Answer % Correct
42) Sapporo is the capital of what Japanese island? Hokkaido
88%
28) What country is spelled Magyarorszag in its native language? Hungary
88%
9) What Scottish lake has a famoussea monster legend? Loch Ness
88%
8) From what French region was theD Day invasion launched? Normandy
88%
1) What country has Romansh asan official language? Switzerland
88%
26) What major dam in southern Egypt spans the Nile river? Aswan
75%
41) What mountain range runs along Morocco,Algeria and Tunisia? Atlas
75%
34) In what city would you find the BrandenburgGate? Berlin
75%
6) Brunei is a small nation on whatisland? Borneo
75%
38) The river Shannon is the longest river in what country? Ireland
75%
15) What city would you find the Hagia Sophia? Istanbul
75%
7) Where would you find the PetronasTowers? Kuala Lumpur
75%
12) What city is commonly calledthe City of Angels? Los Angeles
75%
23) What is the vast, remote desertregion of inner Australia known as? Outback
75%
33) What country uses the Zloty as its currency? Poland
75%
20) Mt Kilimanjaro is in what Africancountry? Tanzania
75%
17) Ruins of the once powerful Carthage can be seen in what city? Tunis
75%
29) What city was burned by the British duringthe War of 1812? Washington DC
75%
18) What Siberian lake is the worldsdeepest and oldest? Baikal
63%
21) The ____ ____ tower in Dubai isthe worlds tallest Burj Khalifa
63%
50) Angkor Wat is located in what country? Cambodia
63%
31) What famous lake sits near the Italy-Swissborder? Como
63%
5) What country is spelled Hrvatskain its native language? Croatia
63%
48) The Sinai peninsula is part of what country? Egypt
63%
13) The Chichen Itza citadel is locatedin what country? Mexico
63%
24) What country has over 800 languages? Papua New Guinea
63%
32) Juarez, Mexico is across what river fromEl Paso, TX? Rio Grande
63%
37) What is the largest city in South America? Sao Paulo
63%
43) What Portuguese speaking island nation liesoff the coast of Gabon? Sao Tome and Principe
63%
14) Lake Ladoga, the largest in Europe,is near what major city? St Petersburg
63%
27) What is the longest river in Asia? Yangtze
63%
2) Bujumbura is in what country? Burundi
50%
36) What city was formerly called Smyrna duringGreek rule? Izmir
50%
46) Malagasy is an official language of what country? Madagascar
50%
19) What is the longest river in the US? Missouri
50%
22) What was Denali formerly knownas? Mt McKinley
50%
47) The Alamo complex is located in which US city? San Antonio
50%
49) Where can you find the Marina Bay Sands hotel? Singapore
50%
40) What breakaway region of Moldova aligns itselfwith the former Soviet Union? Transnistria
50%
11) Windsor, Ontario is across the riverfrom what major US city? Detroit
38%
25) What state is known as the "Land ofLincoln"? Illinois
38%
45) What African nation is often called the "kingdomin the sky" due to its elevation? Lesotho
38%
4) What state has the nickname"Heart of Dixie"? Alabama
25%
10) Yellowknife, NT sits on whichlarge lake? Great Slave
25%
30) What major route can be taken from Alaskadown to Argentina? Pan American
25%
39) The battle of Guadalcanal occurred inwhat country? Solomon Islands
25%
44) Charlotte Amalie is on what US virgin island? St Thomas
25%
16) What remote lake in the Ethiopianhighlands is the start of the Blue Nile? Tana
25%
3) Laayoune is the capital city ofwhat disputed territory? Western Sahara
25%
35) Oklahoma famously has a stretch of land northof Texas called what? Panhandle
13%
No matching quizzes found
Score Distribution
Percent of People with Each Score
Percentile by Number Answered
Your Score History
You have not taken this quiz